00362nam a2200097Ia 4500008004100000082002100041100001900062245003100081260002900112650012300141211119s9999||||xx |||||||||||||| ||und|| a894.812 3bSIV-V aSivakumar, V P 0aV P Sivakumarinte Kathakal bDC BooksaKottayamc1995 aLiterature & rhetoricv Literatures of other languagesAltaic, Uralic, Hyperborean & Dravidian MalayalamxGeneral Stack